Mario Odyssey Kingdoms - Statistics

General Stats
  • This quiz has been taken 33 times
  • The average score is 15 of 17
Answer Stats
Hint Answer % Correct
14 Moon Kingdom
97%
1 Cap KIngdom
93%
13 Bowser Kingdom
90%
15 Dark Side
90%
4 Lake Kingdom
90%
3 Sand Kingdom
90%
9 Snow Kingdom
90%
16 Darker Side
87%
6 Lost KIngdom
87%
17 Mushroom Kingdom
87%
7 Cloud Kingdom
83%
11 Luncheon Kingdom
83%
8 Metro Kingdom
83%
5 Wooded Kingdom
83%
10 Seaside Kingdom
80%
2 Cascade Kingdom
77%
12 Ruined Kingdom
77%
No matching quizzes found
Score Distribution
Percent of People with Each Score
Percentile by Number Answered
Your Score History
You have not taken this quiz